The breadwinner / (Registro nro. 10947)
[ vista simple ]
| 000 -LEADER | |
|---|---|
| fixed length control field | 00619nam a22002177a 4500 |
| 001 - CONTROL NUMBER | |
| control field | 000403 |
| 003 - CONTROL NUMBER IDENTIFIER | |
| control field | DO-SdBNP |
| 005 - DATE AND TIME OF LATEST TRANSACTION | |
| control field | 20160720145234.0 |
| 007 - PHYSICAL DESCRIPTION FIXED FIELD--GENERAL INFORMATION | |
| fixed length control field | 000403 |
| 008 - FIXED-LENGTH DATA ELEMENTS--GENERAL INFORMATION | |
| fixed length control field | 160719b nyu 2002 ||||| |||| 00| 0 spa d |
| 020 ## - INTERNATIONAL STANDARD BOOK NUMBER | |
| International Standard Book Number | 0439446333 |
| 040 ## - CATALOGING SOURCE | |
| Original cataloging agency | BPMSU |
| Language of cataloging | spa |
| Transcribing agency | BPMSU |
| 092 ## - LOCALLY ASSIGNED DEWEY CALL NUMBER (OCLC) | |
| Classification number | xxxxx |
| Item number | xxxxx |
| 100 1# - MAIN ENTRY--PERSONAL NAME | |
| Personal name | Ellis, Deborah |
| 245 10 - TITLE STATEMENT | |
| Title | The breadwinner / |
| Statement of responsibility, etc. | Deborah Ellis. |
| 246 ## - VARYING FORM OF TITLE | |
| Title proper/short title | The breadwinner : |
| Remainder of title | an Afghan child in a war torn land |
| 260 ## - PUBLICATION, DISTRIBUTION, ETC. (IMPRINT) | |
| Place of publication, distribution, etc. | New York ; Toronto : |
| Name of publisher, distributor, etc. | Scholastic, |
| Date of publication, distribution, etc. | 2002. |
| 500 ## - GENERAL NOTE | |
| General note | Público juvenil : Inglés |
| 942 ## - ADDED ENTRY ELEMENTS (KOHA) | |
| Source of classification or shelving scheme | Dewey Decimal Classification |
| Koha item type | Libros |
| 956 ## - LOCAL ELECTRONIC LOCATION AND ACCESS (OCLC) | |
| Access method | LOPEREZ |
| Materials specified | 10 |
| Linkage | 20130719 |
| Field link and sequence number | BPMSU |
| Host name | 00041 |
| Withdrawn status | Lost status | Source of classification or shelving scheme | Damaged status | Not for loan | Collection code | Home library | Current library | Date acquired | Source of acquisition | Total Checkouts | Barcode | Date last seen | Price effective from | Koha item type | Copy number |
|---|---|---|---|---|---|---|---|---|---|---|---|---|---|---|---|
| Dewey Decimal Classification | Biblioteca Pública Metropolitana Salomé Ureña | Biblioteca Pública Metropolitana Salomé Ureña | 07/19/2016 | FUNDI | BPMSU16070546 | 07/19/2016 | 07/19/2016 | Libros | |||||||
| Dewey Decimal Classification | Biblioteca Pública Metropolitana Salomé Ureña | Biblioteca Pública Metropolitana Salomé Ureña | 07/20/2016 | FUNDI | BPMSU16070597 | 07/20/2016 | 07/20/2016 | Libros | ej. 2 | ||||||
| Dewey Decimal Classification | Biblioteca Pública Metropolitana Salomé Ureña | Biblioteca Pública Metropolitana Salomé Ureña | 07/21/2016 | FUNDI | BPMSU16070619 | 07/21/2016 | 07/21/2016 | Libros | ej. 3 |